[Event "Speed Chess (Women) Q1"]
[Site "Chess.com INT"]
[Date "2022.05.25"]
[Round "1"]
[White "Alattar, Ghayda M"]
[Black "Bhagyashree, Patil"]
[Result "0-1"]
[WhiteElo "1919"]
[BlackElo "1977"]
[PlyCount "60"]
[EventDate "2022.05.24"]
[EventType "swiss (blitz)"]
[EventRounds "14"]
[EventCountry "USA"]
[SourceTitle "CBM 208 Extra"]
[Source "ChessBase"]
[SourceDate "2022.07.31"]
[SourceVersion "1"]
[SourceVersionDate "2022.07.31"]
[SourceQuality "1"]

1. e4 e5 2. d4 exd4 3. Nf3 Nc6 4. Bc4 Nf6 5. e5 Ne4 6. Qe2 Nc5 7. 0-0 Ne6 8. c3 dxc3 9. Nxc3 Be7 10. Nd5 0-0 11. Nxe7+ Qxe7 12. Be3 d6 13. exd6 Qxd6 14. Rad1 Qe7 15. Bd3 h6 16. a3 Qf6 17. Bb1 Nf4 18. Qc2 Ng6 19. b4 Bg4 20. b5 Bxf3 21. bxc6 Bxc6 22. f3 Rfe8 23. Bd4 Qg5 24. Qb3 Re2 25. Rf2 Rae8 26. Bxg6 Qxg6 27. Qc4 Rxf2 28. Bxf2 Bxf3 29. Bg3 Bxd1 30. Qa4 Qe4 0-1

[Event "Arab-ch (Women)"]
[Site "Abu Dhabi"]
[Date "2021.11.28"]
[Round "4"]
[White "Mezioud, Amina"]
[Black "Alattar, Ghayda M"]
[Result "1-0"]
[WhiteElo "2077"]
[BlackElo "1868"]
[PlyCount "57"]
[EventDate "2021.11.26"]
[EventType "swiss"]
[EventRounds "9"]
[EventCountry "UAE"]
[SourceTitle "CBM 205 Extra"]
[Source "ChessBase"]
[SourceDate "2022.01.31"]
[SourceVersion "1"]
[SourceVersionDate "2022.01.31"]
[SourceQuality "1"]

1. e4 c6 2. d4 d5 3. Nc3 dxe4 4. Nxe4 Nf6 5. Ng3 h5 6. h4 Bg4 7. Be2 Qc7 8. Bxg4 hxg4 9. N1e2 e6 10. Bf4 Qb6 11. Qc1 Nbd7 12. c3 c5 13. Be3 Qc6 14. Qc2 c4 15. Rh2 Nb6 16. 0-0-0 0-0-0 17. Nf1 Nfd5 18. g3 Bd6 19. Kb1 Nd7 20. Bf4 Rhe8 21. Ne3 f6 22. Nxd5 Qxd5 23. Rf1 g5 24. Bxd6 Qxd6 25. Qa4 Qd5 26. Ka1 Kb8 27. a3 Nb6 28. Qc2 Nc8 29. Nc1 1-0

[Event "Online Olym Div3 B"]
[Site "Chess.com INT"]
[Date "2021.08.29"]
[Round "8.4"]
[White "Alattar, Ghayda M"]
[Black "Miladi, Amen"]
[Result "1-0"]
[WhiteElo "1868"]
[BlackElo "1665"]
[PlyCount "41"]
[EventDate "2021.08.27"]
[EventType "team-tourn (rapid)"]
[EventRounds "9"]
[EventCountry "USA"]
[SourceTitle "CBM 204 Extra"]
[Source "ChessBase"]
[SourceDate "2021.11.30"]
[SourceVersion "1"]
[SourceVersionDate "2021.11.30"]
[SourceQuality "1"]
[WhiteTeam "Jordan"]
[BlackTeam "Tunisia"]
[WhiteTeamCountry "JOR"]
[BlackTeamCountry "TUN"]

1. d4 Nf6 2. Nc3 d5 3. Bg5 c5 4. Bxf6 gxf6 5. e4 dxe4 6. dxc5 Qa5 7. Qd5 a6 8. 0-0-0 Nc6 9. Qxe4 Qxc5 10. Nd5 Bh6+ 11. Kb1 Qd6 12. Be2 f5 13. Qh4 Ne5 14. Nf3 Nxf3 15. Bxf3 Rb8 16. Rhe1 Kf8 17. Nxe7 Qf4 18. Qf6 Be6 19. Qxh8+ Kxe7 20. Qc3 Kf8 21. g3 1-0

[Event "Online Olym Div3 B"]
[Site "Chess.com INT"]
[Date "2021.08.27"]
[Round "3.5"]
[White "Ferguson, Dayna"]
[Black "Alattar, Ghayda M"]
[Result "0-1"]
[WhiteElo "1734"]
[BlackElo "1868"]
[PlyCount "56"]
[EventDate "2021.08.27"]
[EventType "team-tourn (rapid)"]
[EventRounds "9"]
[EventCountry "USA"]
[SourceTitle "CBM 204 Extra"]
[Source "ChessBase"]
[SourceDate "2021.11.30"]
[SourceVersion "1"]
[SourceVersionDate "2021.11.30"]
[SourceQuality "1"]
[WhiteTeam "Ireland"]
[BlackTeam "Jordan"]
[WhiteTeamCountry "IRL"]
[BlackTeamCountry "JOR"]

1. d4 Nf6 2. Bg5 c5 3. Bxf6 gxf6 4. c3 cxd4 5. cxd4 d5 6. e3 Nc6 7. Nc3 Bg7 8. Nf3 0-0 9. Bd3 e5 10. dxe5 fxe5 11. e4 d4 12. Nd5 Be6 13. Qc2 Rc8 14. Qb1 f5 15. exf5 Bxd5 16. f6 Qxf6 17. Bxh7+ Kh8 18. Be4 Nb4 19. a3 Bxe4 20. Qxe4 Nc2+ 21. Ke2 Qa6+ 22. Kd2 Qh6+ 23. Ke2 Nxa1 24. Rxa1 Rf4 25. Qxb7 Rc2+ 26. Kf1 e4 27. Qb3 d3 28. Ne1 Rcxf2+ 0-1

[Event "Asia Nations online Cup (Women)"]
[Site "Chess.com INT"]
[Date "2020.10.17"]
[Round "5.6"]
[White "Alattar, Ghayda M"]
[Black "Fatima, Saif Al Ali"]
[Result "1-0"]
[WhiteElo "1868"]
[BlackElo "1354"]
[PlyCount "49"]
[EventDate "2020.10.11"]
[EventType "team-swiss (rapid)"]
[EventRounds "9"]
[EventCountry "IND"]
[SourceTitle "CBM 198 Extra"]
[Source "ChessBase"]
[SourceDate "2020.11.30"]
[SourceVersion "1"]
[SourceVersionDate "2020.11.30"]
[SourceQuality "1"]
[WhiteTeam "Jordan (W)"]
[BlackTeam "United Arab Emirates (W)"]
[WhiteTeamCountry "JOR"]
[BlackTeamCountry "UAE"]

1. d4 d5 2. Nc3 Nf6 3. Bg5 Bf5 4. Bxf6 exf6 5. e4 dxe4 6. Qe2 Nc6 7. d5 Ne5 8. 0-0-0 Bd6 9. Nxe4 Bxe4 10. Qxe4 0-0 11. f4 Nd7 12. Bd3 g6 13. f5 Re8 14. Qh4 Ne5 15. Nf3 a6 16. Rhf1 b5 17. g4 Nc4 18. Rg1 Bf4+ 19. Kb1 Qxd5 20. fxg6 h6 21. Qxf6 Bg5 22. Nxg5 hxg5 23. Bf5 Qe5 24. Qxf7+ Kh8 25. Qh7# 1-0

[Event "Online Olym Div2 C"]
[Site "Chess.com INT"]
[Date "2020.08.16"]
[Round "8.4"]
[White "Alattar, Ghayda M"]
[Black "Hernandez Estevez, Yudania"]
[Result "0-1"]
[WhiteElo "1909"]
[BlackElo "2191"]
[PlyCount "160"]
[EventDate "2020.08.14"]
[EventType "team-tourn (rapid)"]
[EventRounds "9"]
[EventCountry "USA"]
[SourceTitle "CBM 198"]
[Source "ChessBase"]
[SourceDate "2020.10.31"]
[SourceVersion "1"]
[SourceVersionDate "2020.10.31"]
[SourceQuality "1"]
[WhiteTeam "Jordan"]
[BlackTeam "Spain"]
[WhiteTeamCountry "JOR"]
[BlackTeamCountry "ESP"]

1. d4 d5 2. Nc3 c6 3. e4 dxe4 4. Nxe4 Bf5 5. Ng3 Bg6 6. Nf3 Nd7 7. h4 h6 8. h5 Bh7 9. Bd3 Bxd3 10. Qxd3 e6 11. Bf4 Qa5+ 12. c3 Ngf6 13. Ne5 Nxe5 14. Bxe5 0-0-0 15. 0-0 Qxe5 16. dxe5 Rxd3 17. exf6 gxf6 18. Rad1 Rxd1 19. Rxd1 Be7 20. Kf1 Rg8 21. Ke2 Rg5 22. Kf3 Kc7 23. Rd3 f5 24. Rd4 Bf6 25. Rd1 Be5 26. Rh1 Rg8 27. Re1 Bd6 28. c4 Rg4 29. b3 Rf4+ 30. Ke2 Rh4 31. Kf3 Rd4 32. Nf1 Rf4+ 33. Ke2 Re4+ 34. Kd1 Rh4 35. Nd2 Bb4 36. Re2 Bxd2 37. Kxd2 Rxh5 38. Kd3 Kd6 39. f4 Rh2 40. b4 b6 41. a4 h5 42. Ke3 h4 43. Rd2+ Kc7 44. c5 h3 45. gxh3 Rxh3+ 46. Kd4 Rb3 47. Kc4 Re3 48. Rf2 Re4+ 49. Kc3 bxc5 50. bxc5 Rxa4 51. Kd3 a5 52. Ke3 Ra3+ 53. Kd4 Kd7 54. Rd2 Ke7 55. Rb2 Ra4+ 56. Ke3 Rb4 57. Ra2 a4 58. Kf3 Rb3+ 59. Kf2 a3 60. Ke1 f6 61. Kd1 e5 62. fxe5 fxe5 63. Re2 e4 64. Rf2 Ke6 65. Kc1 e3 66. Rg2 Ke5 67. Rh2 f4 68. Rh5+ Ke4 69. Rh3 Rc3+ 70. Kb1 Rxc5 71. Ka2 e2 72. Rh1 f3 73. Kxa3 f2 74. Rh4+ Ke3 75. Rh3+ Kd2 76. Kb4 Rb5+ 77. Kc4 e1Q 78. Rd3+ Ke2 79. Re3+ Kf1 80. Rxe1+ fxe1Q 0-1

[Event "Online Olym Div2 C"]
[Site "Chess.com INT"]
[Date "2020.08.16"]
[Round "9.4"]
[White "Pintor, Ariana Maciel Abran"]
[Black "Alattar, Ghayda M"]
[Result "1-0"]
[WhiteElo "1903"]
[BlackElo "1909"]
[PlyCount "103"]
[EventDate "2020.08.14"]
[EventType "team-tourn (rapid)"]
[EventRounds "9"]
[EventCountry "USA"]
[SourceTitle "CBM 198"]
[Source "ChessBase"]
[SourceDate "2020.10.31"]
[SourceVersion "1"]
[SourceVersionDate "2020.10.31"]
[SourceQuality "1"]
[WhiteTeam "Portugal"]
[BlackTeam "Jordan"]
[WhiteTeamCountry "POR"]
[BlackTeamCountry "JOR"]

1. e4 d6 2. d4 Nf6 3. Nc3 g6 4. g3 Bg7 5. Bg2 0-0 6. Nf3 c6 7. 0-0 Qc7 8. Bf4 Nh5 9. Be3 e5 10. d5 c5 11. Nd2 Bd7 12. a4 Be8 13. Nc4 Qe7 14. Qd2 Na6 15. Bg5 f6 16. Be3 f5 17. Bg5 Bf6 18. Bxf6 Qxf6 19. f4 exf4 20. gxf4 Nb4 21. e5 dxe5 22. fxe5 Qh4 23. Nd6 Qd4+ 24. Qxd4 cxd4 25. Ncb5 Nxc2 26. Rac1 Bxb5 27. Nxb5 Ne3 28. Rf2 Nxg2 29. Kxg2 Rad8 30. d6 Rfe8 31. Re1 d3 32. e6 Ng7 33. e7 Rd7 34. Rd2 Kf7 35. Nc7 Rc8 36. Rxd3 a6 37. Rde3 Ne8 38. Nxe8 Kxe8 39. Rd3 Rc2+ 40. Kg3 g5 41. Re6 f4+ 42. Kf3 Rxb2 43. Rf6 g4+ 44. Kxg4 Rg2+ 45. Kxf4 Rf2+ 46. Kg5 Rg2+ 47. Kf5 Rf2+ 48. Ke6 Rxf6+ 49. Kxf6 b5 50. axb5 axb5 51. Ke6 b4 52. Rg3 1-0

[Event "Online Olym Div2 C"]
[Site "Chess.com INT"]
[Date "2020.08.14"]
[Round "2.4"]
[White "Gjergji, Rozana"]
[Black "Alattar, Ghayda M"]
[Result "0-1"]
[WhiteElo "1942"]
[BlackElo "1909"]
[PlyCount "78"]
[EventDate "2020.08.14"]
[EventType "team-tourn (rapid)"]
[EventRounds "9"]
[EventCountry "USA"]
[SourceTitle "CBM 198"]
[Source "ChessBase"]
[SourceDate "2020.10.31"]
[SourceVersion "1"]
[SourceVersionDate "2020.10.31"]
[SourceQuality "1"]
[WhiteTeam "Albania"]
[BlackTeam "Jordan"]
[WhiteTeamCountry "ALB"]
[BlackTeamCountry "JOR"]

1. e4 d6 2. d4 Nf6 3. Nc3 g6 4. f4 Bg7 5. Nf3 c6 6. e5 dxe5 7. fxe5 Nd5 8. Bc4 0-0 9. 0-0 h6 10. Qe1 Be6 11. Ne4 Nf4 12. Bxf4 Bxc4 13. Rf2 Bd5 14. c3 b6 15. Nfd2 Na6 16. Qe2 Nc7 17. Raf1 Ne6 18. Be3 Rc8 19. Rf3 c5 20. Rh3 h5 21. g4 cxd4 22. cxd4 Bxe4 23. Nxe4 Nxd4 24. Qd1 Ne6 25. gxh5 Qxd1 26. Rxd1 Bxe5 27. hxg6 fxg6 28. Kh1 Rc4 29. Nd2 Rg4 30. b3 Bd4 31. Bh6 Rf2 32. Nf3 Bg7 33. Bxg7 Kxg7 34. Ne5 Rd4 35. Rg1 Nf4 36. Rhg3 Rdd2 37. Ng4 Rfe2 38. Rf3 e5 39. Nxe5 Rxh2# 0-1

[Event "Online Olym Div3 C"]
[Site "Chess.com INT"]
[Date "2020.08.07"]
[Round "3.2"]
[White "Jalloul, Maya M"]
[Black "Alattar, Ghayda M"]
[Result "1-0"]
[WhiteElo "1861"]
[BlackElo "1868"]
[PlyCount "115"]
[EventDate "2020.08.07"]
[EventType "team-tourn (rapid)"]
[EventRounds "9"]
[EventCountry "USA"]
[SourceTitle "CBM 198"]
[Source "ChessBase"]
[SourceDate "2020.10.31"]
[SourceVersion "1"]
[SourceVersionDate "2020.10.31"]
[SourceQuality "1"]
[WhiteTeam "Lebanon"]
[BlackTeam "Jordan"]
[WhiteTeamCountry "LBN"]
[BlackTeamCountry "JOR"]

1. c4 Nf6 2. Nc3 g6 3. g3 Bg7 4. Bg2 0-0 5. e3 c6 6. Nge2 d6 7. 0-0 Nbd7 8. d3 e5 9. Rb1 Nc5 10. b4 Ne6 11. a4 d5 12. Qb3 d4 13. exd4 exd4 14. Ne4 Nxe4 15. Bxe4 a5 16. Ba3 Re8 17. b5 c5 18. Rfe1 Rb8 19. b6 Bf8 20. Bc1 Ng5 21. Bg2 Bg4 22. Bxg5 Qxg5 23. Nf4 Bd7 24. Nd5 Rxe1+ 25. Rxe1 Bc6 26. Nf4 Bxg2 27. Kxg2 Bd6 28. Nd5 Kg7 29. Re2 Qg4 30. Re4 Qd7 31. Re1 Re8 32. Rd1 Re2 33. Rf1 Qe8 34. Ra1 Qe6 35. Qb5 Qf5 36. Rf1 Qxd3 37. Qd7 Re6 38. Qxb7 Qxc4 39. Nc7 Re7 40. Qc6 Be5 41. Ne8+ Rxe8 42. Qxe8 Qd5+ 43. f3 d3 44. Qb5 d2 45. Qe2 Bc3 46. Rd1 Bb4 47. Qb5 Qb7 48. h4 h5 49. Kf2 Qd5 50. b7 Qd4+ 51. Kg2 c4 52. b8Q Bd6 53. Q8b6 Qd3 54. Qf2 Qc2 55. Qd4+ Kh7 56. Qxd2 Qf5 57. Qxf5 gxf5 58. Qxd6 1-0

[Event "Online Olym Div3 C"]
[Site "Chess.com INT"]
[Date "2020.08.07"]
[Round "1.3"]
[White "Wilson, Julie Christine"]
[Black "Alattar, Ghayda M"]
[Result "0-1"]
[WhiteElo "1826"]
[BlackElo "1868"]
[PlyCount "106"]
[EventDate "2020.08.07"]
[EventType "team-tourn (rapid)"]
[EventRounds "9"]
[EventCountry "USA"]
[SourceTitle "CBM 198"]
[Source "ChessBase"]
[SourceDate "2020.10.31"]
[SourceVersion "1"]
[SourceVersionDate "2020.10.31"]
[SourceQuality "1"]
[WhiteTeam "Wales"]
[BlackTeam "Jordan"]
[WhiteTeamCountry "WLS"]
[BlackTeamCountry "JOR"]

1. d4 Nf6 2. c4 g6 3. Nc3 Bg7 4. e4 d6 5. Nge2 0-0 6. Ng3 Nc6 7. Be2 e5 8. d5 Ne7 9. 0-0 Ne8 10. Bd2 f5 11. exf5 gxf5 12. f3 Nf6 13. Kh1 a6 14. Qc2 Qe8 15. Bd3 Nh5 16. Nce2 Bd7 17. Rae1 Nxg3+ 18. Nxg3 Qf7 19. b4 Kh8 20. Bg5 Rae8 21. Qd2 Ng8 22. Qc1 Qg6 23. Bd2 Ne7 24. a3 Qf7 25. Qc2 Rg8 26. Qc1 Ref8 27. Rf2 Ng6 28. Nh5 f4 29. Nxg7 Qxg7 30. Rg1 Qf6 31. g3 fxg3 32. Rxg3 Qf7 33. Bh6 Re8 34. Qe3 Nh4 35. Bg5 Nf5 36. Bxf5 Bxf5 37. Rfg2 Bg6 38. Qg1 c6 39. dxc6 bxc6 40. Qf1 Bf5 41. Qe2 Bg6 42. Qd2 Re6 43. Be3 Rge8 44. Qc3 Rf6 45. Bg5 Rfe6 46. f4 Be4 47. fxe5 Bxg2+ 48. Rxg2 dxe5 49. Rg1 Rg6 50. Qe3 Qxc4 51. Bh4 Rxg1+ 52. Qxg1 Qxh4 53. Qf2 Qxf2 0-1

[Event "Asia zt 3.1 (Women)"]
[Site "Amman"]
[Date "2019.06.24"]
[Round "7"]
[White "Mahdian, Anousha"]
[Black "Alattar, Ghayda M"]
[Result "1-0"]
[WhiteElo "2078"]
[BlackElo "1908"]
[PlyCount "79"]
[EventDate "2019.06.19"]
[EventType "tourn"]
[EventRounds "9"]
[EventCountry "JOR"]
[SourceTitle "CBM 191 Extra"]
[Source "ChessBase"]
[SourceDate "2019.09.30"]
[SourceVersion "1"]
[SourceVersionDate "2019.09.30"]
[SourceQuality "1"]

1. d4 Nf6 2. c4 g6 3. Nc3 Bg7 4. e4 d6 5. Be2 0-0 6. Be3 Nc6 7. d5 Ne5 8. f4 Ned7 9. Nh3 e5 10. dxe6 fxe6 11. 0-0 a6 12. Qe1 Qe8 13. Qh4 Rb8 14. Ng5 h6 15. Nh3 b6 16. g4 Bb7 17. g5 Nxe4 18. gxh6 Bf6 19. Ng5 Nxc3 20. bxc3 Bxc3 21. Rac1 Bf6 22. Bf3 Bxf3 23. Rxf3 Nc5 24. Qg4 Bxg5 25. fxg5 Rxf3 26. Qxf3 Qf8 27. Qg2 Qf5 28. Rf1 Qd3 29. Qf2 Qf5 30. Qh4 Qe4 31. Qxe4 Nxe4 32. h4 e5 33. Kg2 Re8 34. h5 Re6 35. Kf3 Nc3 36. hxg6 Rxg6 37. Kg4 d5 38. Kh5 Re6 39. g6 Re8 40. h7+ 1-0

[Event "Sharjah Cup (Women) 9th"]
[Site "Sharjah"]
[Date "2018.12.15"]
[Round "2"]
[White "Khukhashvili, Sopiko"]
[Black "Alattar, Ghayda M"]
[Result "1-0"]
[WhiteElo "2338"]
[BlackElo "1944"]
[PlyCount "113"]
[EventDate "2018.12.14"]
[EventType "swiss"]
[EventRounds "9"]
[EventCountry "UAE"]
[SourceTitle "CBM 187 Extra"]
[Source "ChessBase"]
[SourceDate "2018.11.04"]
[SourceVersion "1"]
[SourceVersionDate "2018.11.04"]
[SourceQuality "1"]

1. e4 d6 2. d4 Nf6 3. Nc3 g6 4. h3 c6 5. Be3 Qa5 6. Qd2 Nbd7 7. Nf3 Bg7 8. Bd3 0-0 9. 0-0 e5 10. a3 Qc7 11. dxe5 dxe5 12. Rad1 b5 13. Ne2 a6 14. Ng3 Bb7 15. Bh6 c5 16. c3 Rad8 17. Bxg7 Kxg7 18. Qg5 Kh8 19. Bc2 Rfe8 20. Rd2 Re6 21. Rfd1 Rde8 22. Qh6 Nf8 23. Ng5 Rb6 24. Rd8 Qe7 25. Rxe8 Qxe8 26. Rd8 Ng8 27. Qxf8 Qxf8 28. Rxf8 f6 29. Nf3 Rd6 30. a4 Kg7 31. Rb8 Rd7 32. axb5 axb5 33. c4 bxc4 34. Ba4 Rc7 35. Bb5 Ne7 36. Bxc4 Bc8 37. Bd5 Ba6 38. Rb6 Bd3 39. Bb3 Nc6 40. Nd2 Nd4 41. Bd5 c4 42. Rb7 Rxb7 43. Bxb7 Nb5 44. Ba6 Nd6 45. Ngf1 f5 46. exf5 gxf5 47. Ne3 c3 48. Bxd3 cxd2 49. Be2 f4 50. Nf1 Ne4 51. f3 Nf6 52. Nxd2 Nd5 53. Bd3 h6 54. Be4 Nb4 55. Nb3 Kf6 56. Nc5 Na2 57. Nd3 1-0

[Event "Arab-ch (Women)"]
[Site "Sharjah"]
[Date "2018.02.01"]
[Round "6"]
[White "Latreche, Sabrina"]
[Black "Alattar, Ghayda M"]
[Result "1/2-1/2"]
[WhiteElo "2004"]
[BlackElo "1964"]
[PlyCount "111"]
[EventDate "2018.01.27"]
[EventType "swiss"]
[EventRounds "9"]
[EventCountry "UAE"]
[SourceTitle "EXT 2019"]
[Source "ChessBase"]
[SourceDate "2018.10.10"]
[SourceVersion "1"]
[SourceVersionDate "2018.10.10"]
[SourceQuality "1"]

1. e4 e5 2. Nf3 Nc6 3. Bc4 Nf6 4. d3 Be7 5. 0-0 0-0 6. Re1 d6 7. a4 Qe8 8. c3 h6 9. Nbd2 Bd8 10. Nf1 Kh7 11. Bb3 Ne7 12. Ng3 c6 13. d4 Bc7 14. Nh4 Bg4 15. f3 Bd7 16. Nhf5 Rd8 17. Be3 Bxf5 18. exf5 Ned5 19. Bd2 Qd7 20. c4 Ne7 21. dxe5 dxe5 22. Bb4 Qc8 23. Qc2 Rfe8 24. a5 c5 25. Bxc5 Nc6 26. a6 b6 27. Ba4 Bd6 28. Bxd6 Rxd6 29. Ne4 Rd4 30. b3 Red8 31. Nxf6+ gxf6 32. Bxc6 Qxc6 33. Rad1 Qc5 34. Rxd4 Rxd4 35. Qf2 Qa5 36. h3 Rd2 37. Re2 Rd1+ 38. Kh2 Qxa6 39. Qh4 Rd6 40. Qh5 Qb7 41. Re4 Rd4 42. Rxd4 exd4 43. Qh4 Qd7 44. Qxf6 d3 45. Qa1 d2 46. Qd1 Qd4 47. f6 Qe5+ 48. f4 Qe1 49. Qc2+ Kg8 50. Qf5 Qe6 51. Qd3 Qe1 52. Qd8+ Kh7 53. Qd3+ Kg8 54. Qf5 Kf8 55. Qc8+ Qe8 56. Qf5 1/2-1/2

[Event "Asia-chT blitz (Women) 5th"]
[Site "Ashkhabad"]
[Date "2017.09.27"]
[Round "1.2"]
[White "Alattar, Ghayda M"]
[Black "Aulia, Medina Warda"]
[Result "1-0"]
[WhiteElo "1982"]
[BlackElo "2375"]
[PlyCount "35"]
[EventDate "2017.09.27"]
[EventType "team-swiss (blitz)"]
[EventRounds "5"]
[EventCountry "TKM"]
[SourceTitle "EXT 2018"]
[Source "ChessBase"]
[SourceDate "2017.10.13"]
[SourceVersion "1"]
[SourceVersionDate "2017.10.13"]
[SourceQuality "1"]
[WhiteTeam "Jordan"]
[BlackTeam "Indonesia"]
[WhiteTeamCountry "JOR"]
[BlackTeamCountry "INA"]

1. d4 e6 2. e4 d5 3. Nc3 Bb4 4. e5 c5 5. Bd2 Ne7 6. f4 0-0 7. Nf3 cxd4 8. Nb5 Bc5 9. Nbxd4 Nbc6 10. c3 f6 11. Be3 fxe5 12. Nxc6 bxc6 13. Bxc5 exf4 14. Bd3 Qc7 15. Qe2 Rf7 16. Ng5 Rf6 17. Qh5 Qe5+ 18. Kd1 1-0

[Event "Asia-chT blitz (Women) 5th"]
[Site "Ashkhabad"]
[Date "2017.09.27"]
[Round "5.2"]
[White "Zhylkaidarova, Sholpan"]
[Black "Alattar, Ghayda M"]
[Result "0-1"]
[WhiteElo "2199"]
[BlackElo "1982"]
[PlyCount "112"]
[EventDate "2017.09.27"]
[EventType "team-swiss (blitz)"]
[EventRounds "5"]
[EventCountry "TKM"]
[SourceTitle "EXT 2018"]
[Source "ChessBase"]
[SourceDate "2017.10.13"]
[SourceVersion "1"]
[SourceVersionDate "2017.10.13"]
[SourceQuality "1"]
[WhiteTeam "Kazakhstan"]
[BlackTeam "Jordan"]
[WhiteTeamCountry "KAZ"]
[BlackTeamCountry "JOR"]

1. d4 Nf6 2. c4 c5 3. d5 e5 4. Nc3 d6 5. e4 Be7 6. Bd3 0-0 7. Nge2 Ne8 8. Be3 Bg5 9. Qd2 Bxe3 10. Qxe3 g6 11. h4 Nf6 12. f3 h5 13. Kd2 Kg7 14. Rag1 Na6 15. g4 hxg4 16. h5 Nxh5 17. fxg4 Nf4 18. Nxf4 exf4 19. Qxf4 Rh8 20. Rf1 Qe7 21. Rxh8 Kxh8 22. Qh6+ Kg8 23. Rh1 Qf6 24. Rf1 Qe5 25. Qf4 Qxf4+ 26. Rxf4 Nb4 27. g5 Nxd3 28. Kxd3 Bd7 29. Rf6 Kg7 30. Rxd6 Bg4 31. e5 Re8 32. e6 fxe6 33. Rd7+ Kg8 34. Rxb7 exd5 35. Nxd5 Rd8 36. Kc3 Bf3 37. Nf6+ Kf8 38. Nh7+ Kg8 39. Nf6+ Kf8 40. Rxa7 Be2 41. Ne4 Rd3+ 42. Kc2 Rd4 43. Nc3 Bxc4 44. Rc7 Bd3+ 45. Kc1 c4 46. Nb5 Rg4 47. Rc5 Rg1+ 48. Kd2 Rg2+ 49. Kc3 Rc2+ 50. Kd4 Rxb2 51. a4 Bf1 52. Nc3 Rd2+ 53. Ke5 Rc2 54. Nd5 Re2+ 55. Kf6 Bh3 56. Rxc4 Re6# 0-1